000 00323nam a22001217a 4500
008 190313b xxu||||| |||| 00| 0 eng d
041 _aeng
080 _a043.3
100 _a0
101 _aMBE-BA
245 _aAnalize e Kredive gjate viteve te fundit ne Bankat NLB, BpB dhe Banka Ekonomike
_cMulliqi, N
942 _2udc
_cBK
999 _c54773
_d54773